Cbbc programmes Quiz Stats

 Plays Quiz not verified by Sporcle

Challenge
Share
Tweet
Embed
Score 0/45 Timer 12:00
0 Plays Today
Hint Answer % Correct
news shownewsround
58.5%
barney, lyndsey and radsi present itblue peter
57.7%
a care home for children the dumping ground
56.9%
tracy returns to the dumping groundtracy beaker returns
56.9%
hacker presents it hacker time
52%
people showing history in horrible wayshorrible histories
52%
drama with teenagers dancingthe next step
48%
a sheep causes mayhemshaun the sheep
48%
milly and lauren try to sort out their parents marriagemillie inbetween
46.3%
a cartoon boy who lives a- NORMAL life?roy
45.5%
a robot girl who tries to fit ineve
44.7%
twin doctors who show what its like to be a doctoroperation ouch
39%
draculas move to britain with their father count draculayoung dracula
37.4%
a game show , ian stirling presents itthe dog ate my homework
34.1%
maddy is hiding a secret that she is a ????wolfblood
34.1%
people have to perform for freedom from a prisonthe slammer
32.5%
a devil makes a family do dares for a PRIZEthe dare devil
28.5%
charlie ,ben and alison cause mischiefall at sea
27.6%
following children moving from y6 - y7our school
27.6%
kids play pranks on adultsjust kidding
26.8%
rocket lives ona mysterious island with his familyrockets island
26%
drama featuring one of doctor whos companionsthe sarah jane adventures
26%
sam and mark play prankssam and marks big friday windup
25.2%
Hint Answer % Correct
a world record showofficially amazing
22.8%
a menace named dennis and his dog go around pranking peopledennis the menace and gnasher
22%
objects with eyes come out to prank each otherooglies
20.3%
kids trying to get the over 15s back to their dimensionthe sparticle mystery
20.3%
people show you what you may have missed on cbbcwhoops i missed the bus
20.3%
kids share their livesmy life
19.5%
a school for children who like performingthe school for stars
19.5%
magicians who pull on disguises to fool children on their school tripshelp my school trip is magic
17.1%
pop stars go head to head presented by amberley lobopop slam
17.1%
boys lives change after spooky school tripnowhere boys
15.4%
steve backshall travels pole to pole to look at deadly animalsdeadly pole to pole
14.6%
kids go to a school to see if theyve got what it takes to own a petpet school
14.6%
three friends investigate stange occurances at their schoolstrange hill high
14.6%
a wizard and his brainy friend try to save the worldwizards vs aliens
13%
six ordinary kids train to be vetsjunior vets
12.2%
when dick and dom look at geniuses who created gamesappsolute genius
9.8%
ashleigh trains kids to train their dogs to do hard trickswho let the dogs out
9.8%
a group of teens find themselves in a remote castle togetherworlds end
8.9%
stefan gates shows terrible chefs how to cookdisaster chefs
6.5%
where a jury decides whether guilty or not guiltya long long crime ago
5.7%
schools which teach naughty kids how to behaveextreme school
5.7%
a smaller world record showofficially amazing mini
4.1%

You're not logged in!

Compare scores with friends on all Sporcle quizzes.
OR
Log In

You Might Also Like...

Show Comments

Extras

Created Apr 12, 2015ReportNominate
Tags:cbbc, program

Top Quizzes Today


Score Distribution

Your Account Isn't Verified!

In order to create a playlist on Sporcle, you need to verify the email address you used during registration. Go to your Sporcle Settings to finish the process.

Report this User

Report this user for behavior that violates our Community Guidelines.

Details: